Ferny Grove-Beenleigh and Gold Coast lines - Statistics

General Stats
  • This quiz has been taken 21 times
  • The average score is 34 of 46
Answer Stats
Line Answer % Correct
Beenleigh/Gold Coast Beenleigh
100%
Multiple Bowen Hills
100%
Multiple Central
100%
Ferny Grove Ferny Grove
100%
Multiple Fortitude Valley
100%
Multiple Roma Street
100%
Beenleigh/Gold Coast/Cleveland South Brisbane
100%
Ferny Grove Enoggera
90%
Gold Coast Coomera
80%
Beenleigh Dutton Park
80%
Beenleigh Fairfield
80%
Beenleigh/Gold Coast Loganlea
80%
Ferny Grove Mitchelton
80%
Beenleigh Moorooka
80%
Beenleigh/Gold Coast/Cleveland Park Road
80%
Beenleigh/Gold Coast/Cleveland South Bank
80%
Beenleigh Trinder Park
80%
Gold Coast Varsity Lakes
80%
Ferny Grove Wilston
80%
Beenleigh Yeerongpilly
80%
Beenleigh Yeronga
80%
Ferny Grove Alderley
70%
Beenleigh/Gold Coast Altandi
70%
Beenleigh Coopers Plains
70%
Beenleigh Fruitgrove
70%
Ferny Grove Gaythorne
70%
Beenleigh Kuraby
70%
Ferny Grove Newmarket
70%
Gold Coast Ormeau
70%
Gold Coast Robina
70%
Beenleigh Rocklea
70%
Beenleigh Salisbury
70%
Beenleigh Sunnybank
70%
Ferny Grove Windsor
70%
Beenleigh Banoon
60%
Gold Coast Helensvale
60%
Ferny Grove Keperra
60%
Gold Coast Nerang
60%
Beenleigh Runcorn
60%
Beenleigh Woodridge
60%
Beenleigh Eden's Landing
50%
Ferny Grove Grovely
50%
Ferny Grove Oxford Park
50%
Beenleigh Bethania
40%
Beenleigh Holmview
40%
Beenleigh Kingston
30%
No matching quizzes found
Score Distribution
Percent of People with Each Score
Percentile by Number Answered
Your Score History
You have not taken this quiz